00315nam a2200085Ia 4500008004100000245002500041260000900066300012200075650003200197180130s9999 xx 000 0 und d cRaz, JacobaThe mask c2014 aBook title: Play : psychoanalytic perspectives, survival and human development--Acession number C18636; pages 212-215 aPLAY--PSYCHOLOGICAL ASPECTS